Cẩm nang dành cho người bán hàng thành công:

Guardat en:
Dades bibliogràfiques
Autor principal: Richardson, Linda
Format: Llibre
Idioma:Undetermined
Publicat: Thành phố Hồ Chí Minh Tổng hợp Thành phố Hồ Chí Minh 2004
Matèries:
Etiquetes: Afegir etiqueta
Sense etiquetes, Sigues el primer a etiquetar aquest registre!
Thư viện lưu trữ: Trung tâm Học liệu Trường Đại học Cần Thơ
LEADER 00598nam a2200193Ia 4500
001 CTU_74197
008 210402s9999 xx 000 0 und d
020 |b 15000 
082 |a 658.81 
082 |b R521 
100 |a Richardson, Linda 
245 0 |a Cẩm nang dành cho người bán hàng thành công: 
245 0 |c Linda Richardson 
260 |a Thành phố Hồ Chí Minh 
260 |b Tổng hợp Thành phố Hồ Chí Minh 
260 |c 2004 
650 |a Sales management 
904 |i Năm, Qhieu 
980 |a Trung tâm Học liệu Trường Đại học Cần Thơ